000 00622nam a2200205Ia 4500
005 20250923145914.0
008 008 250917s9999 xx 000 0 eng d
037 _aTextual
040 _aDSWL
_beng
_cDSWL
041 _aeng
_2eng
084 _aY15-31:7.22, N93
_qDSWL
100 _aViswanath, V.
_9840149
245 0 _aNGOS and women's development in rural South India: comparative analysh
_c by V. Viswanath
260 _aNew Delhi
_bSage Publication
_c1993
300 _axii,179p.
365 _aINR
_b125.00
925 _g125.00
942 _cTEXL
_hY15-31:7.22, N93
999 _c1457168
_d1457168